000 00375nam a2200145 4500
020 _a9788194741442
082 _aM 894.812
_bSAJ/K
100 _aSajula P
245 _aKidu malayalam:
_bSET pareekshasahayi/
_cby Sajula P
260 _aKozhikkode:
_bAtma books,
_c2020.
300 _a376p.
650 _aLanguage Malayalam
650 _aLiterature Malayalam
942 _cBK
999 _c181719
_d181719